Atlas of soviet affairs. (Record no. 411210)

000 -LEADER
fixed length control field 00479cam a22001457a 4500
008 - FIXED-LENGTH DATA ELEMENTS--GENERAL INFORMATION
fixed length control field 180718b1965 xxu||||| |||| 00| 0 eng d
082 ## - DEWEY DECIMAL CLASSIFICATION NUMBER
Classification number A6x47 T11
100 ## - MAIN ENTRY--PERSONAL NAME
Personal name Taaffe, Robert N.
245 ## - TITLE STATEMENT
Title Atlas of soviet affairs.
Statement of responsibility, etc. by Robert N. Taaffe
260 ## - PUBLICATION, DISTRIBUTION, ETC.
Place of publication, distribution, etc. London
Name of publisher, distributor, etc. Methuen
Date of publication, distribution, etc. 1965
300 ## - PHYSICAL DESCRIPTION
Extent x, 143p
650 ## - SUBJECT ADDED ENTRY--TOPICAL TERM
Topical term or geographic name entry element Russia -Description and travel. [from old catalog]
650 ## - SUBJECT ADDED ENTRY--TOPICAL TERM
Topical term or geographic name entry element Russia -Economic conditions -Maps. [from old catalog]
650 ## - SUBJECT ADDED ENTRY--TOPICAL TERM
Topical term or geographic name entry element Russia -Maps. [from old catalog]
Holdings
Withdrawn status Lost status Damaged status Not for loan Permanent Location Current Location Date acquired Full call number Barcode Date last seen Price effective from Koha item type
        Indian Institute of Public Administration Indian Institute of Public Administration 2009-01-28 A6x47 T11 38939 2018-07-21 2018-07-21 Book

Powered by Koha